LEADER 01786cam0-2200541---450- 001 990000070740203316 005 20090731083724.0 010 $a88-217-1274-5 035 $a0007074 035 $aUSA010007074 035 $a(ALEPH)000007074USA01 035 $a0007074 100 $a20000914f19901999|||y0itay0103----ba 101 0 $aita 102 $ait 105 $a||||||||001yy 200 0 $a<> flessibilità del lavoro$ela raccolta completa del corso$epart time e job sharing, lavoro a tempo determinato... 210 $aMilano$cIPSOA Scuola d'impresa$d[199-?] 215 $a1 v.$d30 cm 225 $aDiritto & pratica del lavoro$iI corsi 300 $aTit. della cop. - Paginazione varia 410 0$a12001$aDiritto & pratica del lavoro$iI corsi 610 $aContratti di lavoro a termine Guide pratiche 610 $aLavoro a tempo parziale Guide pratiche 676 $a344.4501125 801 $aIT$bSALBC$gISBD 912 $a990000070740203316 951 $aXXV.2.C 176 (IG III 819)$b25085 G.$cXXV.2.C 176 (IG III)$d00002288 959 $aBK 979 $c20000914$lUSA01$h1732 979 $c20000919$lUSA01$h1047 979 $c20000919$lUSA01$h1521 979 $c20001019$lUSA01$h1055 979 $c20001019$lUSA01$h1453 979 $c20001019$lUSA01$h1500 979 $c20001019$lUSA01$h1538 979 $c20001024$lUSA01$h1514 979 $c20001027$lUSA01$h1518 979 $c20001027$lUSA01$h1523 979 $c20001110$lUSA01$h1709 979 $c20001124$lUSA01$h1207 979 $c20020403$lUSA01$h1614 979 $aPATRY$b90$c20040406$lUSA01$h1606 979 $aRSIAV5$b90$c20090731$lUSA01$h0837 979 $aPATRY$b90$c20121106$lUSA01$h1535 996 $aFlessibilità del lavoro$9260385 997 $aUNISA bas $agiu LEADER 01373nam 2200253la 450 001 9910481420603321 005 20230503095027.0 035 $a(UK-CbPIL)2090353984 035 $a(CKB)5500000000096436 035 $a(EXLCZ)995500000000096436 100 $a20230503d1539 uy | 101 0 $aita 135 $aurcn||||a|bb| 200 10$aVersi e prose di monsignor Bernardino Baldi da Vrbino abbate di Guastalla. De i versi. La nautica, L'egloghe miste, I sonetti romani, Le rime, varie, La fauola di Leandro di Museo. Delle prose. Vn dialogo della dignita?, L'arciero ouero della felicita? del principe dialogo, La descrittione del palazzo d'Vrbino. Cento apologi 210 $aVenice $c[s.n.]$d1539 215 $aOnline resource ([12], 9-118, [4], 119-614, [2] p., 4º) 300 $aReproduction of original in Biblioteca Nazionale Centrale di Firenze. 700 $aBaldi$b Bernardino$f1553-1617.$029421 801 0$bUk-CbPIL 801 1$bUk-CbPIL 906 $aBOOK 912 $a9910481420603321 996 $aVersi e prose di monsignor Bernardino Baldi da Vrbino abbate di Guastalla. De i versi. La nautica, L'egloghe miste, I sonetti romani, Le rime, varie, La fauola di Leandro di Museo. Delle prose. Vn dialogo della dignità, L'arciero ouero della felicità del principe dialogo, La descrittione del palazzo d'Vrbino. Cento apologi$91479964 997 $aUNINA